书目信息 |
| 题名: |
阿基米德经典著作集
|
|
| 作者: | 阿基米德 著 ;希思, , 凌复华 编 | |
| 分册: | ||
| 出版信息: | 北京 北京大学出版社 2022.01 |
|
| 页数: | 21, 406页, [8] 页图版 | |
| 开本: | 26cm | |
| 丛书名: | 科学元典丛书 | |
| 单 册: | ||
| 中图分类: | O115.45 , O4 | |
| 科图分类: | ||
| 主题词: | 古典数学--gu dian shu xue--古希腊 , 物理学--wu li xue--研究 | |
| 电子资源: | ||
| ISBN: | 978-7-301-32542-1 | |
| 000 | 01332nam 2200301 450 | |
| 001 | 26495 | |
| 005 | 20220920124504.34 | |
| 010 | @a978-7-301-32542-1@dCNY98.00 | |
| 100 | @a20220411d2022 em y0chiy50 ea | |
| 101 | 1 | @achi@cgre |
| 102 | @aCN@b110000 | |
| 105 | @aaf z 000yy | |
| 200 | 1 | @a阿基米德经典著作集@Aa ji mi de jing dian zhu zuo ji@d= The works of archimedes@f(古希腊) 阿基米德著@g(英) T.L. 希思编@g凌复华译@zeng |
| 210 | @a北京@c北京大学出版社@d2022.01 | |
| 215 | @a21, 406页, [8] 页图版@c图@d26cm | |
| 225 | 2 | @a科学元典丛书@Ake xue yuan dian cong shu |
| 330 | @a本书收录了阿基米德对数学和物理的发展做出巨大贡献的传世之作, 这部分内容对社会进步和人类发展产生了不可磨灭的影响, 即使牛顿和爱因斯坦也都曾从他和他的著作上汲取过智慧和灵感。阿基米德是“理论天才与实验天才合于一人的理想化身”, 文艺复兴时期的达芬奇和伽利略等人都拿他来做自己的楷模。阿基米德曾说过: “给我一个支点, 我就能撬起整个地球。” | |
| 410 | 0 | @12001 @a科学元典丛书 |
| 510 | 1 | @aWorks of archimedes@zeng |
| 606 | 0 | @a古典数学@Agu dian shu xue@y古希腊 |
| 606 | 0 | @a物理学@Awu li xue@x研究 |
| 690 | @aO115.45@v5 | |
| 690 | @aO4@v5 | |
| 701 | 0 | @a阿基米德@Aa ji mi de@g(Archimedes)@4著 |
| 702 | 1 | @a希思,@Axi si@bT. L.@4编 |
| 702 | 0 | @a凌复华@Aling fu hua@4译 |
| 801 | 0 | @aCN@c20220910 |
| 905 | @a河南城建学院图书馆@dO115.45@eA094@f2 | |
| 阿基米德经典著作集= The works of archimedes/(古希腊) 阿基米德著/(英) T.L. 希思编/凌复华译.-北京:北京大学出版社,2022.01 |
| 21, 406页, [8] 页图版:图;26cm.-(科学元典丛书) |
| ISBN 978-7-301-32542-1:CNY98.00 |
| 本书收录了阿基米德对数学和物理的发展做出巨大贡献的传世之作, 这部分内容对社会进步和人类发展产生了不可磨灭的影响, 即使牛顿和爱因斯坦也都曾从他和他的著作上汲取过智慧和灵感。阿基米德是“理论天才与实验天才合于一人的理想化身”, 文艺复兴时期的达芬奇和伽利略等人都拿他来做自己的楷模。阿基米德曾说过: “给我一个支点, 我就能撬起整个地球。” |
| ● |
| 相关链接 |
|
|
|
正题名:阿基米德经典著作集
索取号:O115.45/A094
 
预约/预借
| 序号 | 登录号 | 条形码 | 馆藏地/架位号 | 状态 | 备注 |
| 1 | 1577651 | 215776514 | 自科库401/401自科库 105排8列3层/ [索取号:O115.45/A094] | 在馆 | |
| 2 | 1577652 | 215776523 | 自科库401/401自科库 105排8列3层/ [索取号:O115.45/A094] | 在馆 |